[Event "ROM-ch U10"]
[Site "Calimanesti"]
[Date "2014.04.08"]
[Round "3"]
[White "Anton, Claudiu George Alex"]
[Black "Lupu, David Stefan"]
[Result "1-0"]
[WhiteElo "1176"]
[BlackElo "1168"]
[PlyCount "91"]
[EventDate "2014.04.06"]
[EventType "swiss"]
[EventRounds "9"]
[EventCountry "ROU"]
[SourceTitle "CBM 160 Extra"]
[Source "ChessBase"]
[SourceDate "2014.07.01"]
[SourceVersion "1"]
[SourceVersionDate "2014.07.01"]
[SourceQuality "1"]

1. e4 Nc6 2. Nf3 e5 3. Nc3 Nf6 4. Bb5 Nd4 5. Nxe5 Qe7 6. f4 Nxb5 7. Nxb5 d6 8. Nc4 Nxe4 9. 0-0 Bd7 10. Nxc7+ Kd8 11. Nxa8 Bb5 12. d3 Nf6 13. Re1 Qd7 14. Be3 Qc8 15. Bxa7 Qxa8 16. Bb6+ Kd7 17. Bd4 Qa6 18. Bxf6 gxf6 19. Qg4+ Kc7 20. f5 d5 21. Nd2 Bb4 22. Qxb4 Qb6+ 23. Kh1 Rg8 24. Qe7+ Bd7 25. Qxf7 Rg5 26. Re7 Qd6 27. Rae1 Kc6 28. R1e6 Bxe6 29. Rxe6 Qxe6 30. fxe6 Re5 31. Qd7+ Kc5 32. Qc7+ Kd4 33. Qxe5+ Kxe5 34. e7 Ke6 35. e8Q+ Kd6 36. Qb5 Ke6 37. Qxb7 Kf5 38. Qxd5+ Kg6 39. g4 Kg7 40. g5 h6 41. gxh6+ Kxh6 42. Qg8 f5 43. Nf3 f4 44. Ne5 Kh5 45. Qg6+ Kh4 46. Qg4# 1-0